| 000 | 00592cam a2200145 4500500 | ||
|---|---|---|---|
| 005 | 20250928003051.0 | ||
| 041 | _afre | ||
| 042 | _adc | ||
| 100 | 1 | 0 |
_aLe Duff, Pascal _eauthor |
| 245 | 0 | 0 | _aLeurs enfants après eux de Ludovic et Zoran Boukherma, film français (2 h 16), avec Sayyid El Alami, Paul Kircher, Gilles Lellouche, Ludivine Sagnier, Angelina Woreth… • En salles |
| 260 | _c2024. | ||
| 500 | _a17 | ||
| 786 | 0 | _nÉtudes | Javier | 1 | 2024-12-12 | p. 114-115 | 0014-1941 | |
| 856 | 4 | 1 | _uhttps://shs.cairn.info/revue-etudes-2025-1-page-114?lang=fr&redirect-ssocas=7080 |
| 999 |
_c1510766 _d1510766 |
||